Central Library || Chittagong University

নারী ও রাজনীতি (Record no. 20935)

MARC details
000 -LEADER
fixed length control field 00773nam a2200229 a 4500
001 - CONTROL NUMBER
control field 020935
003 - CONTROL NUMBER IDENTIFIER
control field BD-ChCU
005 - DATE AND TIME OF LATEST TRANSACTION
control field 20251217133404.0
008 - FIXED-LENGTH DATA ELEMENTS--GENERAL INFORMATION
fixed length control field Ben
020 ## - INTERNATIONAL STANDARD BOOK NUMBER
International Standard Book Number ৯৮৪৪১৫২০৩৮
040 ## - CATALOGING SOURCE
Original cataloging agency DLC
Transcribing agency DLC
Modifying agency BD-ChCU
082 00 - DEWEY DECIMAL CLASSIFICATION NUMBER
Classification number ৩২৩.৩৪/মান২না
100 1# - MAIN ENTRY--PERSONAL NAME
Personal name মান্নান, মোঃ আবদুল
Numeration মেরী, সামসুননাহার খানম
245 10 - TITLE STATEMENT
Title নারী ও রাজনীতি
Statement of responsibility, etc. মো: আব্দুল মান্নান
250 ## - EDITION STATEMENT
Edition statement -
260 ## - PUBLICATION, DISTRIBUTION, ETC.
Place of publication, distribution, etc. ঢাকা
Name of publisher, distributor, etc. অবসর
Date of publication, distribution, etc. ২০০৭
300 ## - PHYSICAL DESCRIPTION
Extent ১৪৩
504 ## - BIBLIOGRAPHY, ETC. NOTE
Bibliography, etc. note - Biblio-
650 #0 - SUBJECT ADDED ENTRY--TOPICAL TERM
Topical term or geographic name entry element নারী
Topical term following geographic name entry element রাজনীতি বিজ্ঞান
700 1# - ADDED ENTRY--PERSONAL NAME
Personal name -
942 ## - ADDED ENTRY ELEMENTS (KOHA)
Source of classification or shelving scheme Dewey Decimal Classification
Koha item type Books
Holdings
Withdrawn status Lost status Source of classification or shelving scheme Damaged status Not for loan Home library Current library Shelving location Date acquired Source of acquisition Total Checkouts Full call number Barcode Date last seen Copy number Price effective from Koha item type Public note Total Renewals Date last checked out
    Dewey Decimal Classification     Chittagong University Library Chittagong University Library Business and Social Science Reading Room 06/14/2015 ক্রয় 1 ৩২৩.৩৪/মান২না ২৭১৯৯৭ 03/09/2026 2 09/13/2015 Books - 1 04/20/2025
    Dewey Decimal Classification     Chittagong University Library International Relations Seminar Library Business and Social Science Reading Room 06/14/2015 ক্রয়   ৩২৩.৩৪/মান২না ২৭১৯৯৬ 09/13/2015 1 09/13/2015 Books -    
© Copyright 2025. Chittagong University Library, Installation and Maintenance by Prof. Dr. Md. Alamgir, 01711306253